000 00538nam a2200229Ia 4500
003 OSt
005 20221005120644.0
006 a|||||r|||| 00| 0
007 ta
008 221004b |||||||| |||| 00| 0 eng d
024 _a37354
037 _cTextual
040 _aCRL
_cCRL
_beng
041 _2eng
_aeng
082 _aO:xL3, A
245 0 _aEpistola and poetical museum, etc
260 _c1870
300 _a80p
_ccm.
650 _aENGLISH LITERATURE
942 _hO:xL3, A
_cTEXL
_2cc
999 _c1038712
_d1038712